000 00861nas a2200301 4500
001 BR2011005407
003 BR-BrBNA
005 20231205115617.0
007 ta
008 230509b bl.|||p| |||| 00| 00por d
040 _aBR-BrBNA
_bpor
_cBiblioteca Nacional de Agricultura
041 _a(Pt)
072 _aQ04
100 1 _aHiane, P.A.
100 1 _aSilva, V.C.F.
100 1 _aRamos Filho, M.M.
100 1 _aRamos, M.I.L.
100 1 _aCampos, R.P.
245 1 _aCaracterização química do palmito guariroba in natura e congelado
650 _aPALMITO
650 _aGUARIROBA
650 _aPROCESSAMENTO
650 _aQUALIDADE
650 _aANALISE QUÍMICA
773 0 _tCiência Rural (Brazil)
_xISSN 0103-8478
_g(Jun 2011), v. 41(6) p. 1082-1087
_wBR2011005407
909 _a202311
_bLúcia
_c55
_dLúcia Elande
942 _2AGRIS
_n0
_cANA
999 _c214770
_d214770